01173cam a22003255a 4500999001700000001001000017003000300027005001700030008004100047015001900088016001800107020001500125020001800140040005000158082001700208100002900225245007500254250004800329260004200377300004300419500009200462500002900554504005100583650002200634651001000656653002900666700003200695942000800727952011200735 c26816d26788013386436Uk20180827100556.0060120r20082006enkab frb 001 0 eng d aGBA6168912bnb7 a0133864362Uk a074563379X a9780745633794 aStDuBDSbengcStDuBDSdUkdEG-ScBUEdEG-ScBUE04a301bGID2221 aGiddens, Anthony.93700110aSociology /cAnthony Giddens ; with the assistance of Simon Griffiths. a5th ed., Fully rev., upd. and reprinted ed. aCambridge ;aMalden :bPolity,c2008. axxiv, 1094 p. :bill. (col.) ;c25 cm. aPrevious ed.: published as by Anthony Giddens and Karen Birdsall. Oxford: Polity, 2001. aReprint of the 2006 ed.  aIncludes bibliographical references and index. 7aSociology.2BUEsh 2BUEsh bHHUUPPSSbGGENcJuly20181 aGriffiths, Simon, eeditor. 2ddc 00102ddc40708AUCaMAINbMAINc1STd2018-07-17ePurchasel0o301 GIDp000043462r2025-07-15 00:00:00yBB